Statistics for World Capitals on an Empty Map

Click here to take the quiz!

General Stats

  • This quiz has been taken 13,721 times
  • The average score is 139 of 196

Answers on the Map

Answers color-coded by a green-red scale on the quiz's map according to % correct below.
Loading ...
 

Answer Stats

CountryCapital% Correct
United StatesWashington, D.C.
94%
FranceParis
92%
United KingdomLondon
92%
SpainMadrid
91%
RussiaMoscow
91%
CanadaOttawa
90%
GermanyBerlin
90%
NorwayOslo
89%
MexicoMexico City
89%
PortugalLisbon
89%
ItalyRome
88%
BrazilBrasília
88%
IrelandDublin
87%
ChinaBeijing
87%
SwedenStockholm
87%
JapanTokyo
87%
FinlandHelsinki
86%
GreeceAthens
86%
EgyptCairo
86%
NetherlandsAmsterdam
86%
AustraliaCanberra
86%
Vatican CityVatican City
85%
New ZealandWellington
84%
HungaryBudapest
84%
BelgiumBrussels
84%
ArgentinaBuenos Aires
84%
IndiaNew Delhi
84%
PolandWarsaw
84%
SwitzerlandBern
83%
DenmarkCopenhagen
83%
South KoreaSeoul
83%
South AfricaCape Town, Pretoria
or Bloemfontein
83%
AustriaVienna
83%
PeruLima
83%
Czech RepublicPrague
82%
LuxembourgLuxembourg
82%
IcelandReykjavik
82%
RomaniaBucharest
82%
San MarinoSan Marino
82%
TurkeyAnkara
82%
ChileSantiago
82%
UkraineKiev
81%
EstoniaTallinn
81%
LatviaRiga
81%
ColombiaBogotá
81%
VenezuelaCaracas
80%
MonacoMonaco
80%
BelarusMinsk
80%
IsraelJerusalem
80%
BulgariaSofia
80%
PanamaPanama City
79%
IndonesiaJakarta
79%
ThailandBangkok
79%
CubaHavana
79%
CroatiaZagreb
79%
UruguayMontevideo
78%
LithuaniaVilnius
78%
IraqBaghdad
78%
AndorraAndorra la Vella
78%
TunisiaTunis
78%
IranTehran
78%
North KoreaPyongyang
78%
JamaicaKingston
78%
St. Vincent & the GrenadinesKingstown
78%
BoliviaLa Paz or Sucre
77%
SingaporeSingapore
77%
AlgeriaAlgiers
77%
PakistanIslamabad
77%
EcuadorQuito
77%
SerbiaBelgrade
77%
VietnamHanoi
76%
LiechtensteinVaduz
76%
SlovakiaBratislava
76%
PhilippinesManila
76%
MaltaValletta
76%
Bosnia & HerzegovinaSarajevo
76%
MongoliaUlaanbaatar
75%
Saudi ArabiaRiyadh
75%
MoroccoRabat
75%
LibyaTripoli
74%
HaitiPort-au-Prince
74%
SloveniaLjubljana
74%
MalaysiaKuala Lumpur
73%
ParaguayAsunción
73%
SyriaDamascus
73%
United Arab EmiratesAbu Dhabi
73%
AlbaniaTirana
73%
LebanonBeirut
73%
AfghanistanKabul
73%
El SalvadorSan Salvador
73%
GuyanaGeorgetown
73%
GuatemalaGuatemala City
73%
AzerbaijanBaku
72%
KeynaNairobi
72%
KazakhstanAstana
72%
MacedoniaSkopje
72%
MontenegroPodgorica
71%
KosovoPristina
71%
EthiopiaAddis Ababa
71%
TaiwanTaipei
71%
MoldovaChișinău
71%
BangladeshDhaka
71%
QatarDoha
70%
Costa RicaSan José
70%
CyprusNicosia
70%
JordanAmman
70%
SenegalDakar
69%
NepalKathmandu
69%
BahamasNassau
69%
Congo (Dem. Rep.)Kinshasa
69%
YemenSana'a
69%
ArmeniaYerevan
68%
KuwaitKuwait City
68%
DjiboutiDjibouti
68%
Dominican RepublicSanto Domingo
68%
CambodiaPhnom Penh
68%
GeorgiaTbilisi
68%
OmanMuscat
68%
SurinameParamaribo
68%
Sierra LeoneFreetown
67%
SudanKhartoum
67%
NicaraguaManagua
67%
AngolaLuanda
67%
GhanaAccra
67%
BelizeBelmopan
66%
Trinidad & TobagoPort-of-Spain
66%
SomaliaMogadishu
66%
Papua New GuineaPort Moresby
66%
NigeriaAbuja
66%
UzbekistanTashkent
66%
MaldivesMalé
65%
East TimorDili
65%
Congo (Rep. of)Brazzaville
65%
NamibiaWindhoek
64%
LaosVientiane
64%
KyrgyzstanBishkek
64%
BahrainManama
64%
MadagascarAntananarivo
64%
South SudanJuba
63%
HondurasTegucigalpa
63%
SeychellesVictoria
63%
TurkmenistanAshgabat
62%
BarbadosBridgetown
62%
Antigua & BarbudaSaint John's
62%
ZimbabweHarare
62%
FijiSuva
62%
MozambiqueMaputo
61%
UgandaKampala
61%
São Tomé and PrincipeSão Tomé
61%
BhutanThimphu
61%
GrenadaSaint George's
61%
LiberiaMonrovia
61%
EritreaAsmara
61%
SamoaApia
60%
ZambiaLusaka
60%
RwandaKigali
60%
TajikistanDushanbe
60%
GabonLibreville
60%
MauritiusPort Louis
60%
MaliBamako
59%
TogoLomé
59%
St. LuciaCastries
59%
Central African RepublicBangui
59%
Guinea BissauBissau
59%
BruneiBandar Seri Begawan
58%
DominicaRoseau
58%
TanzaniaDodoma
58%
Cape VerdePraia
58%
GambiaBanjul
58%
GuineaConakry
58%
NigerNiamey
58%
Burkina FasoOuagadougou
57%
CameroonYaoundé
57%
VanuatuPort Vila
57%
ChadN'Djamena
57%
St. Kitts & NevisBasseterre
57%
BeninPorto-Novo
57%
LesothoMaseru
56%
MauritaniaNouakchott
56%
TuvaluFunafuti
56%
BotswanaGaborone
56%
SwazilandMbabane
56%
Solomon IslandsHoniara
55%
NauruYaren
54%
Cote d'IvoireYamoussoukro
54%
Sri LankaSri Jayawardenapura Kotte
54%
ComorosMoroni
54%
BurmaNaypyidaw
53%
MalawiLilongwe
53%
Equatorial GuineaMalabo
53%
KiribatiTarawa
53%
TongaNukuʻalofa
52%
Marshall IslandsMajuro
52%
Micronesia (Fed.States)Palikir
52%
PalauNgerulmud
48%
BurundiBujumbura
46%

Score Distribution

Percentile by Number Answered

Percent of People with Each Score

Your Score History

You have not taken this quiz